North American Airports By Code - Statistics

General Stats
  • This quiz has been taken 58 times
  • The average score is 18 of 40
Answer Stats
Code City Country % Correct
ATL Atlanta United States
100%
LAX Los Angeles United States
100%
MEX Mexico City Mexico
100%
JFK New York United States
100%
LGA New York United States
100%
MIA Miami United States
94%
SEA Seattle United States
94%
PHX Phoenix United States
87%
HAV Havana Cuba
85%
YYZ Toronto Canada
81%
ORD Chicago United States
79%
PIT Pittsburgh United States
73%
TIJ Tijuana Mexico
73%
YVR Vancouver Canada
73%
SAN San Diego United States
69%
IAH Houston United States
62%
YUL Montreal Canada
62%
GUA Guatemala City Guatemala
60%
PTY Panama City Panama
46%
GDL Guadalajara Mexico
42%
MTY Monterrey Mexico
38%
MSY New Orleans United States
35%
SAL San Salvador El Salvador
31%
SIG San Juan United States
25%
TGU Tegucigalpa Honduras
17%
HLN Helena United States
15%
PAP Port-au-Prince Haiti
15%
YFC Fredericton Canada
12%
YQT Thunder Bay Canada
10%
GOH Nuuk Denmark (Greenland)
8%
SKB Basseterre Saint Kitts and Nevis
6%
YMM Fort McMurray Canada
6%
GUM Hagåtña / Tamuning United States
6%
NBW Guantánamo Bay Cuba
4%
MID Mérida Mexico
4%
YAB Arctic Bay Canada
2%
AAZ Quetzaltenango Guatemala
2%
ACT Waco United States
2%
ASD Andros Town Bahamas
0%
UPN Uruapan Mexico
0%
No matching quizzes found
Score Distribution
Percent of People with Each Score
Percentile by Number Answered
Your Score History
You have not taken this quiz